[Event "46th Rilton Cup 2016-17"]
[Site "Stockholm SWE"]
[Date "2016.12.30"]
[Round "4.7"]
[White "Bellia, Fabrizio"]
[Black "Antipov, Mikhail Al."]
[Result "1/2-1/2"]
[WhiteTitle "IM"]
[BlackTitle "GM"]
[WhiteElo "2433"]
[BlackElo "2580"]
[WhiteFideId "800511"]
[BlackFideId "4107012"]
[EventDate "2016.12.27"]

1. d4 Nf6 2. Nf3 e6 3. e3 c5 4. c4 cxd4 5. exd4 d6 6. Nc3 Be7 7. Be2 O-O 8. O-O
b6 9. h3 Bb7 10. Be3 Ne4 11. Nxe4 Bxe4 12. Bd3 Bb7 13. Qe2 Nc6 14. a3 d5 15.
Rfd1 dxc4 16. Bxc4 Na5 17. Ba2 Bd5 18. b4 Nc6 19. Rac1 Bf6 20. Ne5 Ne7 21. Ng4
Bxa2 22. Nxf6+ gxf6 23. Qxa2 Qd5 24. Qe2 Kh8 25. Rc7 Rg8 26. f3 Qd6 27. Rb7 a5
28. Bf4 Qxf4 29. Rxe7 axb4 30. axb4 Ra3 31. Rxf7 Rxf3 32. Rf8 Re3 33. Rxg8+ Kxg8
34. Qh5 Qe4 35. Qe8+ Kg7 36. Qe7+ Kg6 37. Rf1 Qxd4 38. Qe8+ Kg7 39. Qe7+ Kg6 40.
Qe8+ Kg7 1/2-1/2

[Event "46th Rilton Cup 2016-17"]
[Site "Stockholm SWE"]
[Date "2016.12.30"]
[Round "4.8"]
[White "Von Bahr, Oskar"]
[Black "Ivanov, Sergey"]
[Result "0-1"]
[WhiteTitle "FM"]
[BlackTitle "GM"]
[WhiteElo "2357"]
[BlackElo "2545"]
[WhiteFideId "1703250"]
[BlackFideId "4101375"]
[EventDate "2016.12.27"]

1. e4 c5 2. Nf3 e6 3. d4 cxd4 4. Nxd4 Nc6 5. Nc3 Qc7 6. Qd3 Nf6 7. Ndb5 Qb8 8.
Qg3 d6 9. Be3 a6 10. Nd4 Nxd4 11. Bxd4 b5 12. e5 dxe5 13. Bxe5 Qb6 14. O-O-O Bb7
15. Bd3 b4 16. Bxf6 gxf6 17. Ne4 O-O-O 18. Nxf6 Qd4 19. Nh5 Bd6 20. Bxa6 Bxg3
21. Bxb7+ Kxb7 22. Rxd4 Rxd4 23. hxg3 Ra8 24. Nf4 Rxa2 25. Kb1 Ra5 26. Nd3 h5
27. b3 Rg5 28. Kc1 h4 29. gxh4 Rxg2 30. h5 Rgg4 31. f4 Rd8 32. Re1 Rd5 33. Nxb4
Rxh5 34. Nd3 Rg2 35. Re4 Rd5 36. Rc4 Kb6 37. Rc8 Rd7 38. Rc4 Rc7 39. Rb4+ Kc6
40. Rd4 Kb7 41. Nb4 Rf2 42. Kb2 Kb6 43. Re4 Kb5 44. Ka3 Kb6 45. Kb2 Rc8 46. Ka3
Rc3 47. Ka4 Rc5 48. Nd3 Ra5+ 49. Kb4 Rxc2 50. Ne5 Rb5+ 51. Ka3 Rc7 52. Kb2 Kc5
53. Rc4+ Kd6 54. Rxc7 Kxc7 55. Kc3 f6 56. Nd3 Kd6 57. Kc4 Rb8 58. Nf2 Rc8+ 59.
Kd4 e5+ 60. fxe5+ fxe5+ 61. Kd3 Kd5 62. Ne4 Rb8 63. Nc3+ Kc5 64. Na4+ Kd6 65.
Kc4 e4 66. Nc5 Rc8 67. b4 Ke5 68. b5 Kd6 0-1

[Event "46th Rilton Cup 2016-17"]
[Site "Stockholm SWE"]
[Date "2016.12.30"]
[Round "4.9"]
[White "Shyam, Sundar M."]
[Black "Salomon, Johan"]
[Result "1/2-1/2"]
[WhiteTitle "GM"]
[BlackTitle "IM"]
[WhiteElo "2532"]
[BlackElo "2470"]
[WhiteFideId "5019141"]
[BlackFideId "1509500"]
[EventDate "2016.12.27"]

1. e4 c5 2. Nf3 d6 3. d4 cxd4 4. Nxd4 Nf6 5. Nc3 a6 6. Be3 e5 7. Nb3 Be6 8. Qd2
Nbd7 9. O-O-O Rc8 10. f4 b5 11. f5 Bc4 12. g4 Nxg4 13. Rg1 Nxe3 14. Qxe3 Bxf1
15. Rgxf1 Qc7 16. Kb1 Nb6 17. Qe2 Be7 18. Qg2 Bf6 19. a3 Qb8 20. Rd3 O-O 21. Rg3
Kh8 22. Rg1 Rg8 23. Nd1 g6 24. Ne3 Bh4 25. Rg4 g5 26. f6 Rg6 27. Nf5 Nd7 28. Qf3
Rf8 29. Rd1 Rxf6 30. Qh3 Re8 31. Rdg1 Ree6 32. Nd2 Rg6 33. Nf3 Nf6 34. N3xh4
gxh4 35. Rxg6 hxg6 36. Nxh4 Nh7 37. Rg4 Qd8 38. Nf3 Kg7 39. Rh4 Nf6 40. Ng5 Re8
41. Qb3 Qe7 42. Qe3 Rh8 43. Rxh8 Kxh8 44. Qb6 Kg7 45. Qxa6 d5 46. Qxb5 Nxe4 47.
Nxe4 dxe4 48. a4 e3 49. a5 Qd6 50. a6 Qd1+ 51. Ka2 e2 52. Qxe5+ Kh7 53. a7 e1=Q
54. Qxe1 Qxe1 55. a8=Q Qe6+ 56. b3 f5 57. Qf3 Qd6 58. h4 f4 59. c4 Qd2+ 60. Kb1
Qe1+ 61. Kc2 Qg3 62. Qe4 Qxh4 63. c5 Qf2+ 64. Kd3 Qf1+ 65. Kd2 Qf2+ 66. Kd3 Qf1+ 1/2-1/2

[Event "46th Rilton Cup 2016-17"]
[Site "Stockholm SWE"]
[Date "2016.12.30"]
[Round "4.10"]
[White "Kravtsiv, Martyn"]
[Black "Kazakovskiy, Valeriy"]
[Result "1-0"]
[WhiteTitle "GM"]
[BlackTitle "IM"]
[WhiteElo "2645"]
[BlackElo "2430"]
[WhiteFideId "14113147"]
[BlackFideId "13507443"]
[EventDate "2016.12.27"]

1. e4 e5 2. Nf3 Nc6 3. Bc4 Nf6 4. d3 Be7 5. O-O O-O 6. Re1 d6 7. a4 Na5 8. Ba2
c5 9. Na3 Nc6 10. c3 a6 11. h3 h6 12. Bd2 Rb8 13. Nc2 Be6 14. Bxe6 fxe6 15. d4
c4 16. Qe2 b5 17. axb5 axb5 18. d5 exd5 19. exd5 Na5 20. Nb4 Ra8 21. Nh4 Rf7 22.
Ng6 Kh7 23. Nxe7 Rxe7 24. Ra3 Rc8 25. Rea1 Nb3 26. Rxb3 cxb3 27. Nc6 Rxc6 28.
dxc6 Qb6 29. Qd3+ e4 30. Qxd6 Rd7 31. Qxf6 gxf6 32. cxd7 Qd6 33. Be3 Kg6 34. Ra7
h5 35. h4 Kf5 36. Rb7 1-0

[Event "46th Rilton Cup 2016-17"]
[Site "Stockholm SWE"]
[Date "2016.12.30"]
[Round "4.11"]
[White "Volkov, Sergey"]
[Black "Hauge, Lars Oskar"]
[Result "1-0"]
[WhiteTitle "GM"]
[BlackTitle "IM"]
[WhiteElo "2624"]
[BlackElo "2431"]
[WhiteFideId "4122763"]
[BlackFideId "1509276"]
[EventDate "2016.12.27"]

1. d4 Nf6 2. c4 g6 3. Nc3 Bg7 4. e4 d6 5. Nf3 O-O 6. Be2 e5 7. Be3 Ng4 8. Bg5 f6
9. Bh4 Nc6 10. d5 Ne7 11. Nd2 h5 12. h3 Nh6 13. g4 hxg4 14. hxg4 Nf7 15. Qc2 c5
16. O-O-O Bd7 17. Kb1 Nc8 18. Rh2 Bh6 19. Rdh1 Kg7 20. Bg3 Rh8 21. Nf3 Ne7 22.
Ne1 Qa5 23. Ng2 Rag8 24. f4 exf4 25. Nxf4 Bxf4 26. Bxf4 g5 27. Bxd6 Nxd6 28. e5
Rxh2 29. Rxh2 Qc7 30. Qh7+ Kf8 31. Qh6+ Ke8 32. Qxf6 Nf7 33. d6 Qd8 34. dxe7
Qxe7 35. Nd5 Qxe5 36. Rh7 Qe4+ 37. Kc1 Rf8 38. Nc7# 1-0

[Event "46th Rilton Cup 2016-17"]
[Site "Stockholm SWE"]
[Date "2016.12.30"]
[Round "4.12"]
[White "Krishna, C R G"]
[Black "Postny, Evgeny"]
[Result "0-1"]
[WhiteTitle "IM"]
[BlackTitle "GM"]
[WhiteElo "2390"]
[BlackElo "2620"]
[WhiteFideId "5018625"]
[BlackFideId "2804344"]
[EventDate "2016.12.27"]

1. d4 d5 2. c4 c6 3. Nf3 Nf6 4. e3 Bf5 5. Nc3 e6 6. Nh4 Bg6 7. Be2 Nbd7 8. Nxg6
hxg6 9. Qc2 Bd6 10. h3 Qe7 11. Bd2 a6 12. O-O Rd8 13. Rfe1 Bb8 14. Qb3 Qd6 15.
f4 Qc7 16. Rac1 Ne4 17. cxd5 Nxd2 18. Qd1 Nf6 19. dxc6 Rxd4 20. Nb5 axb5 21.
exd4 Qxf4 22. c7 Bxc7 23. Rxc7 Qxc7 24. Bxb5+ Ke7 25. Qxd2 Rd8 26. Rc1 Qd6 27.
Qc3 Kf8 28. Qc5 Ne4 29. Qxd6+ Nxd6 30. Bd3 Ra8 31. Rc7 Rxa2 32. Rd7 Rxb2 33. d5
e5 34. Bxg6 Ke8 0-1

[Event "46th Rilton Cup 2016-17"]
[Site "Stockholm SWE"]
[Date "2016.12.30"]
[Round "4.13"]
[White "Sevian, Samuel"]
[Black "Akesson, Ralf"]
[Result "1/2-1/2"]
[WhiteTitle "GM"]
[BlackTitle "GM"]
[WhiteElo "2603"]
[BlackElo "2417"]
[WhiteFideId "2040506"]
[BlackFideId "1700120"]
[EventDate "2016.12.27"]

1. e4 e6 2. d4 d5 3. Nc3 dxe4 4. Nxe4 Bd7 5. Nf3 Bc6 6. Bd3 Nd7 7. c3 Bxe4 8.
Bxe4 c6 9. O-O Ngf6 10. Bc2 g6 11. Re1 Bg7 12. Bg5 O-O 13. Qd2 Qb6 14. a3 a5 15.
Ne5 Nxe5 16. dxe5 Ng4 17. Be7 Rfe8 18. Bd6 Rad8 19. Qe2 Qxb2 20. Rec1 Nh6 21.
Rab1 Qa2 22. Ra1 Qb2 23. Rab1 Qa2 24. Ra1 1/2-1/2

[Event "46th Rilton Cup 2016-17"]
[Site "Stockholm SWE"]
[Date "2016.12.30"]
[Round "4.14"]
[White "Blomqvist, Erik"]
[Black "Nielsen, Rogvi Egilstoft"]
[Result "1-0"]
[WhiteTitle "GM"]
[BlackTitle "FM"]
[WhiteElo "2567"]
[BlackElo "2351"]
[WhiteFideId "1709437"]
[BlackFideId "7200447"]
[EventDate "2016.12.27"]

1. Nf3 e6 2. d4 f5 3. Bf4 Nf6 4. e3 Be7 5. Be2 d6 6. c4 O-O 7. Nc3 Qe8 8. O-O h6
9. h3 Nc6 10. Rc1 Kh8 11. Bh2 Rg8 12. d5 Nd8 13. Qc2 e5 14. Nb5 g5 15. Nxc7 Qg6
16. Nxa8 g4 17. Nxe5 dxe5 18. hxg4 Nf7 19. Nc7 Bc5 20. Ne6 Nxg4 21. Bxg4 Qxg4
22. f3 Bxe3+ 23. Kh1 Qh5 24. g4 fxg4 25. fxg4 Rxg4 26. Rce1 Bd4 27. Nxd4 Rxd4
28. Rxf7 1-0

[Event "46th Rilton Cup 2016-17"]
[Site "Stockholm SWE"]
[Date "2016.12.30"]
[Round "4.15"]
[White "Hallman, Valo"]
[Black "Urkedal, Frode"]
[Result "0-1"]
[BlackTitle "GM"]
[WhiteElo "2098"]
[BlackElo "2557"]
[WhiteFideId "508098"]
[BlackFideId "1506102"]
[EventDate "2016.12.27"]

1. d4 Nf6 2. c4 e6 3. Nf3 b6 4. e3 Bb7 5. Bd3 Be7 6. O-O O-O 7. Nc3 d5 8. b3
dxc4 9. Bxc4 a6 10. Bb2 b5 11. Bd3 Nbd7 12. Rc1 c5 13. dxc5 Nxc5 14. Bb1 Qb6 15.
b4 Ncd7 16. a3 a5 17. bxa5 Rxa5 18. Bd3 Rd8 19. Qe2 Bxf3 20. gxf3 Ne5 21. Bxb5
Rd2 22. Nd5 exd5 23. Rc8+ Bf8 0-1

[Event "46th Rilton Cup 2016-17"]
[Site "Stockholm SWE"]
[Date "2016.12.30"]
[Round "4.16"]
[White "Kulaots, Kaido"]
[Black "Stefansson, Vignir Vatnar"]
[Result "1-0"]
[WhiteTitle "GM"]
[BlackTitle "FM"]
[WhiteElo "2556"]
[BlackElo "2404"]
[WhiteFideId "4500261"]
[BlackFideId "2308649"]
[EventDate "2016.12.27"]

1. Nf3 Nf6 2. c4 e6 3. g3 d5 4. Bg2 Be7 5. O-O O-O 6. d4 dxc4 7. Qc2 a6 8. a4
Bd7 9. Qxc4 Bc6 10. Bg5 Bd5 11. Qc2 Be4 12. Qc1 Nc6 13. e3 Nb4 14. Nc3 Bc6 15.
a5 Qe8 16. Qd1 Nbd5 17. Qb3 Nd7 18. Bf4 Qd8 19. Nxd5 exd5 20. Rfc1 g5 21. Be5 f6
22. e4 Kh8 23. Bxc7 Qxc7 24. exd5 Qd6 25. dxc6 bxc6 26. Qc4 c5 27. dxc5 Nxc5 28.
Rd1 1-0

[Event "46th Rilton Cup 2016-17"]
[Site "Stockholm SWE"]
[Date "2016.12.30"]
[Round "4.17"]
[White "Nielsen, Hogni Egilstoft"]
[Black "Zumsande, Martin"]
[Result "1/2-1/2"]
[WhiteTitle "FM"]
[BlackTitle "IM"]
[WhiteElo "2262"]
[BlackElo "2485"]
[WhiteFideId "7200404"]
[BlackFideId "4651324"]
[EventDate "2016.12.27"]

1. e4 e6 2. d4 d5 3. Nd2 Nf6 4. e5 Nfd7 5. Bd3 c5 6. c3 b6 7. Ne2 Ba6 8. Bxa6
Nxa6 9. Nf4 b5 10. h4 Qb6 11. Nf3 cxd4 12. cxd4 Nb4 13. a3 Nc6 14. Be3 h6 15.
Qd3 Be7 16. Rc1 O-O-O 17. h5 Kb7 18. O-O Na5 19. Rc2 Nc4 20. Ra1 Rc8 21. Bc1 Rc6
22. b3 Na5 23. Bd2 Rxc2 24. Qxc2 Rc8 25. Qd3 Nf8 26. Ne2 a6 27. Ne1 Rc7 28. Bc1
Bd8 29. Bd2 Be7 30. Bc1 Bd8 31. Bd2 Be7 1/2-1/2

[Event "46th Rilton Cup 2016-17"]
[Site "Stockholm SWE"]
[Date "2016.12.30"]
[Round "4.18"]
[White "Westerberg, Jonathan"]
[Black "Ziegler, Ari"]
[Result "1/2-1/2"]
[WhiteTitle "IM"]
[BlackTitle "IM"]
[WhiteElo "2483"]
[BlackElo "2299"]
[WhiteFideId "1701754"]
[BlackFideId "1700987"]
[EventDate "2016.12.27"]

1. e4 e6 2. d4 d5 3. Nc3 Nf6 4. Bg5 Bb4 5. e5 h6 6. Bd2 Bxc3 7. Bxc3 Ne4 8. Bb4
c5 9. Bxc5 Nxc5 10. dxc5 Nd7 11. Qd4 Qc7 12. f4 Nxc5 13. Bd3 Bd7 14. Nf3 Rc8 15.
O-O Qb6 16. Rac1 O-O 17. Rfd1 Rc7 18. b3 Rfc8 19. c3 Nxd3 20. Rxd3 Qa5 21. Rc2
b5 22. Nd2 Qb6 23. Qxb6 axb6 24. b4 f6 25. exf6 gxf6 26. Nb3 Rc4 27. f5 exf5 28.
Rxd5 Bc6 29. Rd6 Be4 30. Rcd2 R4c6 31. Rxc6 Rxc6 32. Nd4 Rxc3 33. Nxb5 Rc4 34.
a3 Rc1+ 35. Kf2 Ra1 36. Rd6 Kg7 37. Rxb6 Ra2+ 38. Ke3 Bxg2 39. Ra6 Bf1 40. Ra7+
Kg6 41. Nd4 Rxh2 42. Kf3 Bc4 43. Kg3 Rb2 44. Nf3 Kh5 45. Kf4 Bd5 46. Nd4 Kg6 47.
Rd7 Be4 48. Ne6 Rb1 49. Kg3 Rg1+ 50. Kh4 Rh1+ 51. Kg3 Ra1 52. Kh4 Rh1+ 53. Kg3
Ra1 54. Kh4 1/2-1/2

[Event "46th Rilton Cup 2016-17"]
[Site "Stockholm SWE"]
[Date "2016.12.30"]
[Round "4.19"]
[White "Bluebaum, Matthias"]
[Black "Prince, Bajaj"]
[Result "1-0"]
[WhiteTitle "GM"]
[BlackTitle "CM"]
[WhiteElo "2640"]
[BlackElo "2305"]
[WhiteFideId "24651516"]
[BlackFideId "5045150"]
[EventDate "2016.12.27"]

1. Nf3 c5 2. c4 Nc6 3. Nc3 Nf6 4. g3 g6 5. d4 cxd4 6. Nxd4 d6 7. Bg2 Bd7 8. O-O
Bg7 9. Nc2 O-O 10. b3 Qa5 11. Bd2 Qh5 12. e4 Rac8 13. Qxh5 Nxh5 14. Rad1 a6 15.
Nd5 Bg4 16. f3 Be6 17. Bg5 f6 18. Be3 f5 19. exf5 gxf5 20. Bg5 Nf6 21. Rfe1 Kf7
22. Nb6 Rcd8 23. Re2 Nd7 24. Nd5 Nf6 25. Bh3 Bc8 26. Nb6 Ne5 27. Nd4 e6 28. Nxc8
Rxc8 29. f4 Neg4 30. Nxe6 Rfe8 31. Rde1 Bh8 32. Bg2 Ne4 33. Bxe4 fxe4 34. Rxe4
Bc3 35. R1e2 b5 36. h3 Ne5 37. Nd8+ Rcxd8 38. Bxd8 Rxd8 39. fxe5 dxe5 40. cxb5
axb5 41. a4 b4 42. Kg2 Rd1 43. Ra2 Ke6 44. a5 Kf5 45. Rh4 Rd7 46. a6 Ra7 47.
Rxh7 1-0

[Event "46th Rilton Cup 2016-17"]
[Site "Stockholm SWE"]
[Date "2016.12.30"]
[Round "4.20"]
[White "Furhoff, Johan"]
[Black "Bromberger, Stefan"]
[Result "0-1"]
[WhiteTitle "IM"]
[BlackTitle "GM"]
[WhiteElo "2311"]
[BlackElo "2525"]
[WhiteFideId "1701797"]
[BlackFideId "4635248"]
[EventDate "2016.12.27"]

1. e4 e5 2. f4 exf4 3. Nf3 g5 4. d4 g4 5. Ne5 Qh4+ 6. g3 fxg3 7. Qxg4 Qxg4 8.
Nxg4 Nc6 9. c3 d5 10. exd5 Nxd4 11. cxd4 Bxg4 12. hxg3 O-O-O 13. Nc3 Ne7 14. Bg5
Bg7 15. Bxe7 Rhe8 16. Rxh7 Rxe7+ 17. Kd2 Bxd4 18. Bd3 Bxc3+ 19. Kxc3 Re3 0-1

[Event "46th Rilton Cup 2016-17"]
[Site "Stockholm SWE"]
[Date "2016.12.30"]
[Round "4.21"]
[White "Esserman, Marc"]
[Black "Chizhikov, Vladislav"]
[Result "1/2-1/2"]
[WhiteTitle "IM"]
[WhiteElo "2468"]
[BlackElo "2262"]
[WhiteFideId "2018616"]
[BlackFideId "4178157"]
[EventDate "2016.12.27"]

1. e4 c5 2. Nf3 g6 3. d4 cxd4 4. c3 Bg7 5. Bc4 d5 6. exd5 dxc3 7. Nxc3 Nf6 8.
O-O O-O 9. Re1 Nbd7 10. Bg5 Nb6 11. Bb3 h6 12. Bf4 Bf5 13. d6 exd6 14. Bxd6 Re8
15. Ne5 Be6 16. Nxf7 Kxf7 17. Rxe6 Rxe6 18. Bxe6+ Kxe6 19. Qb3+ Nfd5 20. Nxd5
Nxd5 21. Qxb7 Kxd6 22. Rd1 Qg8 23. Qa6+ Kd7 24. Qb7+ Kd6 25. Qb4+ Kc6 26. Rc1+
Bc3 27. Qa4+ Kc7 28. Qc4+ Kb7 29. bxc3 Nb6 30. Qe4+ Qd5 31. Qxg6 Rd8 32. g3 Qxa2
33. Qxh6 a5 34. c4 Qd2 35. Qh7+ Rd7 36. Qe4+ Ka6 37. Qb1 Re7 38. Qb5+ Ka7 39.
Rf1 Re1 40. c5 Rxf1+ 41. Qxf1 Nd5 42. Qb5 Qe1+ 43. Kg2 Qe4+ 44. Kg1 Qe1+ 1/2-1/2

[Event "46th Rilton Cup 2016-17"]
[Site "Stockholm SWE"]
[Date "2016.12.30"]
[Round "4.22"]
[White "Hejazipour, Mitra"]
[Black "Cramling, Pia"]
[Result "1/2-1/2"]
[WhiteTitle "WGM"]
[BlackTitle "GM"]
[WhiteElo "2307"]
[BlackElo "2453"]
[WhiteFideId "12505951"]
[BlackFideId "1700030"]
[EventDate "2016.12.27"]

1. d4 d5 2. c4 e6 3. Nf3 dxc4 4. e3 a6 5. a4 c5 6. Bxc4 Nf6 7. O-O Nc6 8. Qe2
Qc7 9. Nc3 Be7 10. dxc5 Bxc5 11. Bd2 O-O 12. Rfd1 b6 13. h3 Bb7 14. Na2 Ne4 15.
Be1 Qe7 16. Nc3 Nd6 17. Bb3 Rfd8 18. Rac1 h6 19. Bc2 Nb4 20. Bb1 a5 21. Nb5 Nxb5
22. axb5 Rxd1 23. Rxd1 Rd8 24. Bc3 Rxd1+ 25. Qxd1 Qe8 26. Bxb4 Bxf3 27. Qxf3
Bxb4 28. Bd3 1/2-1/2

[Event "46th Rilton Cup 2016-17"]
[Site "Stockholm SWE"]
[Date "2016.12.30"]
[Round "4.23"]
[White "Nesterov, Arseniy"]
[Black "Bracker, Frank"]
[Result "1/2-1/2"]
[BlackTitle "IM"]
[WhiteElo "2296"]
[BlackElo "2435"]
[WhiteFideId "24198455"]
[BlackFideId "24614343"]
[EventDate "2016.12.27"]

1. d4 Nf6 2. c4 e6 3. Nc3 Bb4 4. e3 O-O 5. Bd3 c5 6. Nf3 d5 7. a3 Bxc3+ 8. bxc3
dxc4 9. Bxc4 Qc7 10. Ba2 b6 11. O-O Bb7 12. Re1 Nbd7 13. Bb1 Be4 14. Bxe4 Nxe4
15. Qd3 Ndf6 16. Nd2 Nxd2 17. Bxd2 e5 18. e4 Rac8 19. dxe5 Rfd8 20. Qf3 Qxe5 21.
Bf4 Qh5 22. Rad1 Qxf3 23. gxf3 Ne8 24. Rd5 Nf6 25. Rdd1 Nh5 26. Bg5 f6 27. Bc1
Kf7 28. Rd5 Rxd5 29. exd5 Re8 30. Rd1 Re2 31. Bd2 Ke7 32. Kf1 Re5 33. c4 Kd6 34.
a4 Rf5 35. Kg2 Nf4+ 36. Kg3 Ne2+ 37. Kg2 g5 38. a5 Nd4 39. axb6 axb6 40. Rb1 Kc7
41. f4 gxf4 42. Re1 b5 43. cxb5 f3+ 44. Kg3 Rxd5 45. Ba5+ Kd7 46. b6 Kc6 47. Re8
Rg5+ 48. Kf4 Rg7 49. Ke4 Kb5 50. Bc3 f5+ 51. Ke3 Rd7 52. Bxd4 cxd4+ 53. Kd3 Kxb6
54. Re5 Rf7 55. Kxd4 Kc6 56. Ke3 Kd6 57. Ra5 Ke6 58. Kf4 Rd7 59. Re5+ Kf6 60.
Rxf5+ Kg6 61. Rg5+ Kf6 62. Rg3 h5 63. Rxf3 Ra7 64. Kg3+ Kg6 65. Rb3 Ra4 66. Rb6+
Kg7 67. f4 Rc4 68. f5 Rg4+ 69. Kf3 Rh4 70. Rg6+ Kf7 71. Kg3 Rc4 72. h4 Ra4 73.
Rg5 Ra3+ 74. Kg2 Ra2+ 75. Kf3 Ra3+ 76. Ke2 Ra2+ 77. Kd3 Ra3+ 78. Kc2 Kf6 79.
Rxh5 Rf3 80. Kd2 Rxf5 81. Rxf5+ Kxf5 82. h5 Kg5 83. h6 Kxh6 1/2-1/2

[Event "46th Rilton Cup 2016-17"]
[Site "Stockholm SWE"]
[Date "2016.12.30"]
[Round "4.24"]
[White "Sagit, Rauan"]
[Black "Wiander, Michael"]
[Result "1-0"]
[WhiteTitle "IM"]
[BlackTitle "CM"]
[WhiteElo "2417"]
[BlackElo "2246"]
[WhiteFideId "1708376"]
[BlackFideId "1702580"]
[EventDate "2016.12.27"]

1. Nf3 d6 2. d4 f5 3. g3 Nf6 4. Bg2 e6 5. b3 Be7 6. Bb2 O-O 7. Nbd2 Ne4 8. e3
Nd7 9. Nxe4 fxe4 10. Nd2 d5 11. O-O a5 12. a4 c5 13. Qe2 Bf6 14. f3 exf3 15.
Bxf3 Qb6 16. c3 cxd4 17. exd4 Ne5 18. Bg2 Bd7 19. Kh1 Ng6 20. Ba3 Rfe8 21. Bc5
Qc7 22. Rac1 Kh8 23. c4 Bc6 24. cxd5 exd5 25. Qh5 Rad8 26. Nf3 Re3 27. b4 axb4
28. Bxb4 Qd7 29. a5 Rde8 30. Bh3 Qd8 31. Bf5 Kg8 32. a6 Be7 33. Bd2 Ra3 34. axb7
Bxb7 35. Be6+ Kh8 36. Bf7 1-0

[Event "46th Rilton Cup 2016-17"]
[Site "Stockholm SWE"]
[Date "2016.12.30"]
[Round "4.25"]
[White "Houska, Jovanka"]
[Black "Rydstrom, Tom"]
[Result "1-0"]
[WhiteTitle "IM"]
[BlackTitle "FM"]
[WhiteElo "2397"]
[BlackElo "2239"]
[WhiteFideId "405094"]
[BlackFideId "1714830"]
[EventDate "2016.12.27"]

1. d4 d5 2. Nf3 Bf5 3. c4 e6 4. Qb3 Nc6 5. Bd2 Rb8 6. e3 Nf6 7. Bd3 Ne4 8. O-O
Be7 9. cxd5 exd5 10. Rc1 O-O 11. Be1 Qd6 12. Nc3 Nxc3 13. Qxc3 Be4 14. Bxe4 dxe4
15. Ne5 Nxe5 16. dxe5 Qe6 17. Qxc7 a6 18. Qa5 h5 19. Bc3 h4 20. h3 g5 21. Qa4
Qg6 22. Qd7 Rfe8 23. Rd1 Bf8 24. Qg4 Bg7 25. Rd6 Re6 26. Rxe6 fxe6 27. Rd1 Qf5
28. Rd7 b5 29. Rd6 b4 30. Bd4 a5 31. Rxe6 Qf7 32. Rc6 1-0

[Event "46th Rilton Cup 2016-17"]
[Site "Stockholm SWE"]
[Date "2016.12.30"]
[Round "4.26"]
[White "Saravanan, V."]
[Black "Grafl, Florian"]
[Result "1/2-1/2"]
[WhiteTitle "IM"]
[BlackTitle "IM"]
[WhiteElo "2306"]
[BlackElo "2394"]
[WhiteFideId "5000580"]
[BlackFideId "4645715"]
[EventDate "2016.12.27"]

1. Nf3 b5 2. e4 Bb7 3. Bxb5 Bxe4 4. O-O c6 5. Ba4 Qa5 6. Nc3 Bg6 7. d4 e6 8. Ne5
Bb4 9. Nc4 Qa6 10. Bb3 d5 11. Ne5 Ne7 12. Bf4 O-O 13. Na4 f6 14. Nxg6 Nxg6 15.
Bg3 f5 16. f3 Nd7 17. Rc1 Nb6 18. Nxb6 axb6 19. c4 b5 20. cxd5 cxd5 21. Qd3 Qb6
22. Bc7 Qb7 23. Rc2 Rfc8 24. Rfc1 Be7 25. Qe3 Nf8 26. Rc6 Ra6 27. Rxa6 Qxa6 28.
Bxd5 f4 29. Qe4 exd5 30. Qxe7 Qa7 31. Rc5 Qxa2 32. h3 Qa7 33. Bd6 Qxe7 34. Bxe7
Rxc5 35. dxc5 Ng6 36. Bd6 Kf7 37. c6 Ke6 38. c7 Kd7 39. Kf2 d4 40. Ke2 Nh4 41.
Bxf4 Nxg2 42. Be5 g5 43. Bg3 Ne3 44. Kd3 Nf5 45. Bh2 Nh4 46. f4 Nf3 47. Bg3 Kxc7
48. Ke4 Ng1 49. fxg5+ Kd7 50. h4 Ke6 51. Bf2 Ne2 52. b4 d3 53. Kxd3 Nf4+ 54. Ke4
Nd5 55. Be1 Nb6 56. h5 Nd7 57. Bc3 Nf8 58. Bb2 Nd7 59. Bd4 Nf8 60. Bc3 Nd7 61.
g6 hxg6 62. hxg6 Nb8 63. g7 Kf7 64. Kd5 Na6 65. Kc6 Nxb4+ 66. Bxb4 1/2-1/2

[Event "46th Rilton Cup 2016-17"]
[Site "Stockholm SWE"]
[Date "2016.12.30"]
[Round "4.27"]
[White "Ruecker, Benjamin"]
[Black "Grunberg, Mihai-Lucian"]
[Result "0-1"]
[BlackTitle "IM"]
[WhiteElo "2275"]
[BlackElo "2389"]
[WhiteFideId "4677110"]
[BlackFideId "1204149"]
[EventDate "2016.12.27"]

1. d4 Nf6 2. c4 e6 3. Nc3 d5 4. Nf3 Be7 5. Bf4 c5 6. dxc5 Qa5 7. e3 Nc6 8. Be2
dxc4 9. O-O Qxc5 10. Qa4 Nd5 11. Ne4 Qa5 12. Qxc4 O-O 13. Bg5 Nb6 14. Qc2 f6 15.
Bh4 Nb4 16. Qb1 N4d5 17. a3 Qa4 18. Bd3 Qe8 19. Nd4 Bd7 20. Rc1 e5 21. Nb3 Qh5
22. Bg3 f5 23. Nec5 f4 24. Nxd7 Nxd7 25. Bc4 Nb6 26. Qd3 Rad8 27. Bxf4 exf4 28.
e4 Nxc4 29. Qxc4 b5 30. Qxb5 Nf6 31. Qxh5 Nxh5 32. Rc7 Bf6 33. Rxa7 Rb8 34. Nd2
Rxb2 35. Nf3 Rfb8 36. g4 fxg3 37. hxg3 R2b3 38. e5 Rxf3 39. exf6 Nxf6 40. Ra2
Rf8 41. Rc2 Ne4 42. Rcc7 R3f7 43. Rxf7 Rxf7 44. Ra4 Re7 45. Kg2 Kf7 46. Ra6 h5
47. f3 Ng5 48. Ra5 Kg6 49. Kf2 Rb7 50. Ra6+ Kh7 51. f4 Ne4+ 52. Kf3 Nf6 53. Ra5
Rb3+ 54. Kg2 Kg6 55. Rg5+ Kh6 56. a4 Ra3 57. a5 Ne4 0-1

[Event "46th Rilton Cup 2016-17"]
[Site "Stockholm SWE"]
[Date "2016.12.30"]
[Round "4.28"]
[White "Wallace, John Paul"]
[Black "Tuomainen, Felix"]
[Result "1-0"]
[WhiteTitle "IM"]
[WhiteElo "2387"]
[BlackElo "2228"]
[WhiteFideId "3200957"]
[BlackFideId "1720813"]
[EventDate "2016.12.27"]

1. Nf3 Nf6 2. g3 d5 3. Bg2 c5 4. O-O g6 5. c4 d4 6. b4 Bg7 7. bxc5 O-O 8. e3 e5
9. Nxe5 dxe3 10. fxe3 Ng4 11. Nxg4 Bxa1 12. d4 Nc6 13. Nf6+ Kg7 14. Nd5 h5 15.
Na3 Bg4 16. Qd2 Bf5 17. Rxf5 gxf5 18. Nc2 h4 19. e4 Rh8 20. exf5 hxg3 21. hxg3
Qa5 22. Nxa1 Rae8 23. f6+ Kf8 24. Qxa5 Nxa5 25. Ne7 Rd8 26. Nc2 Rh5 27. Bf3 Rh8
28. Bf4 1-0

[Event "46th Rilton Cup 2016-17"]
[Site "Stockholm SWE"]
[Date "2016.12.30"]
[Round "4.29"]
[White "Babikov, Ivan"]
[Black "Mihajlov, Sebastian"]
[Result "1-0"]
[WhiteTitle "FM"]
[BlackTitle "FM"]
[WhiteElo "2259"]
[BlackElo "2384"]
[WhiteFideId "4161106"]
[BlackFideId "1512110"]
[EventDate "2016.12.27"]

1. e4 e6 2. d4 d5 3. exd5 exd5 4. c4 Bb4+ 5. Nc3 Nf6 6. Bd3 O-O 7. Ne2 dxc4 8.
Bxc4 Nc6 9. O-O Bd6 10. h3 a6 11. Bg5 h6 12. Bh4 Bf5 13. a3 g5 14. Bg3 Bxg3 15.
fxg3 Bg6 16. Rf2 Qd6 17. Qf1 Kg7 18. Rd1 Rad8 19. g4 b5 20. Bd3 Qe7 21. Bxg6
fxg6 22. d5 Ne5 23. Nd4 Rd6 24. Ne6+ Rxe6 25. dxe6 Qxe6 26. Qe2 Re8 27. Qd2 Nc4
28. Qd4 Qe5 29. Qxe5 Rxe5 30. Rdf1 Nh7 31. Rf7+ Kg8 32. Rxc7 Nxb2 33. Rff7 Nf8
34. Rg7+ Kh8 35. Rge7 Nc4 36. Rxe5 Nxe5 37. Ra7 Nd3 38. Rxa6 b4 39. Rd6 1-0